000 00859nam a2200277 i 4500
001 C2-0249821
003 PPAK
005 20180727213644.0
008 030610s2003 cau |||| ||||| | eng d
020 _a0737713526
040 _aPPAK
_beng
_cPPAK
_erda
082 0 4 _a616.9792009
_223
090 0 0 _a616.9792009
_bDIS
_dR
245 0 4 _aThe discovery of the AIDS virus
264 1 _aSan Diego, California :
_bGreenhaven Press ,
_c2003
300 _a138 pages ;
_c24 cm
336 _2rdacontent
_atext
337 _2rdamedia
_aunmediated
338 _2rdacarrier
_avolume
490 1 _aOpposing viewpoints series - at issue in history
500 _aIncludes bibliographical references and index
650 1 0 _aAIDS (Disease) - History
700 1 _aYount, Lisa,
_eeditor
830 0 _aOpposing viewpoints series - at issue in history
942 _ddc
_cB
999 _c63217
_d63217